[Event "Montcalm 3 2019-20"]
[Site "Quebec CAN"]
[Date "2019.12.12"]
[Round "5"]
[White "Cournoyer, Dominic"]
[Black "Plante, Rejean"]
[Result "1/2-1/2"]
[WhiteElo "1931"]
[BlackElo "2035"]
[PlyCount "104"]
[EventDate "2019.11.14"]
[EventType "swiss"]
[EventRounds "5"]
[EventCountry "CAN"]

1. c4 g6 2. Nc3 c5 3. Nf3 Bg7 4. g3 Nc6 5. Bg2 e6 6. Ne4 d6 7. d3 h6 8. O-O
Nge7 9. Rb1 O-O 10. a3 a5 11. Bd2 Kh7 12. Qc2 Qc7 13. Nc3 Bd7 14. Nb5 Qb8 15.
b4 axb4 16. axb4 Nxb4 17. Bxb4 cxb4 18. Rxb4 Nc6 19. Rb3 Rc8 20. Qd2 d5 21.
cxd5 exd5 22. Rfb1 Ra4 23. h4 Ne7 24. Nc3 Bxc3 25. Rxc3 Bc6 26. Qc2 Qa7 27. h5
Ra2 28. hxg6+ fxg6 29. Rb2 Ra1+ 30. Rb1 Rxb1+ 31. Qxb1 Nf5 32. e3 Re8 33. d4
Qb8 34. Ne5 Qd6 35. Qb6 Ne7 36. Bf1 Nc8 37. Qb1 Ne7 38. Bd3 Kg7 39. Qc2 Ra8 40.
Qb2 Rc8 41. Rc1 Rf8 42. Kg2 Qf6 43. Rh1 Nf5 44. Ng4 Qg5 45. Bxf5 Qxf5 46. Ne5
Qe4+ 47. Kg1 h5 48. Rh4 Qf5 49. Rf4 Qe6 50. Rxf8 Kxf8 51. Qb6 Qd6 52. Qa5 Kg7
1/2-1/2

[Event "Montcalm 3 2019-20"]
[Site "Quebec CAN"]
[Date "2019.12.12"]
[Round "5"]
[White "Fecteau, Martin"]
[Black "Dumont, Eric"]
[Result "0-1"]
[WhiteElo "1880"]
[BlackElo "1773"]
[PlyCount "86"]
[EventDate "2019.11.14"]
[EventType "swiss"]
[EventRounds "5"]
[EventCountry "CAN"]

1. Nf3 d5 2. d4 Nf6 3. c4 c6 4. e3 g6 5. Bd3 Bg7 6. O-O O-O 7. Nbd2 Nbd7 8.
cxd5 cxd5 9. b3 Re8 10. Bb2 e5 11. dxe5 Ng4 12. Qc2 Ndxe5 13. Bd4 Qd6 14. Nxe5
Bxe5 15. Bxe5 Rxe5 16. Nf3 Rh5 17. g3 Qf6 18. Qd1 Bd7 19. Be2 Re8 20. h4 Bf5
21. Qd4 Qd6 22. Qf4 Qxf4 23. gxf4 Be4 24. Ng5 Rxh4 25. Nxe4 dxe4 26. Kg2 Nf6
27. Kg3 Rh6 28. Rac1 Re7 29. Rfd1 Kg7 30. Rc5 Ng8 31. Kg2 f5 32. Rd8 Nf6 33.
Bc4 Rh4 34. Re5 Rc7 35. a4 Ng4 36. Red5 Rh2+ 37. Kg3 Rxf2 38. Rd1 Rf3+ 39. Kh4
Nf2 40. R1d7+ Kh6 41. Bf1 Rc1 42. Bg2 Rh1+ 43. Bxh1 Rh3# 0-1

[Event "Montcalm 3 2019-20"]
[Site "Quebec CAN"]
[Date "2019.12.12"]
[Round "5"]
[White "Fleury, Dominic"]
[Black "Sarra-Bournet, Marc"]
[Result "0-1"]
[WhiteElo "1372"]
[BlackElo "1816"]
[PlyCount "150"]
[EventDate "2019.11.14"]
[EventType "swiss"]
[EventRounds "5"]
[EventCountry "CAN"]

1. d4 d5 2. Bf4 Nf6 3. e3 e6 4. Nf3 Bb4+ 5. Nbd2 O-O 6. c3 Bd6 7. Bd3 Bxf4 8.
exf4 Nbd7 9. Ne5 c5 10. O-O cxd4 11. cxd4 Qb6 12. Nb3 Ne4 13. Qf3 f5 14. Rac1
Nxe5 15. fxe5 Bd7 16. Rc2 Ba4 17. Bxe4 fxe4 18. Qe3 Bxb3 19. axb3 Qa6 20. Rfc1
Qa2 21. Qg3 Qa5 22. h4 Qb6 23. Rc7 Rf7 24. Qc3 Raf8 25. Rxf7 Rxf7 26. Qc8+ Rf8
27. Qd7 Qxd4 28. Qxe6+ Kh8 29. Rc8 Qxf2+ 30. Kh2 Qxh4+ 31. Kg1 Qf2+ 32. Kh2 e3
33. Qe8 Kg8 34. Qe6+ Qf7 35. Rxf8+ Kxf8 36. Qd6+ Qe7 37. Qxd5 Qh4+ 38. Kg1 Qf2+
39. Kh2 Qf4+ 40. Kg1 e2 41. Qd8+ Kf7 42. e6+ Kxe6 43. Qe8+ Kd5 44. Qxe2 a6 45.
Qh5+ Kc6 46. Qe8+ Kb6 47. Qc8 Qe3+ 48. Kf1 Qxb3 49. Qd8+ Ka7 50. Qd4+ Qb6 51.
Qxg7 Qb5+ 52. Kf2 Qf5+ 53. Ke3 Kb6 54. g4 Qc2 55. g5 a5 56. Qd4+ Qc5 57. Ke4
Kb5 58. Qxc5+ Kxc5 59. Ke5 a4 60. Kf6 b5 61. Kg7 b4 62. Kxh7 a3 63. bxa3 b3 64.
g6 b2 65. g7 b1=Q+ 66. Kh8 Qh1+ 67. Kg8 Kd6 68. Kf7 Qh7 69. Kf8 Qh6 70. Kf7
Qe6+ 71. Kf8 Qe7+ 72. Kg8 Ke6 73. Kh8 Qh4+ 74. Kg8 Kf6 75. Kf8 Qh6 0-1

[Event "Montcalm 3 2019-20"]
[Site "Quebec CAN"]
[Date "2019.12.12"]
[Round "5"]
[White "Gaulin, Gaetan"]
[Black "Auger, Bertrand"]
[Result "1-0"]
[WhiteElo "1951"]
[BlackElo "1914"]
[PlyCount "97"]
[EventDate "2019.11.14"]
[EventType "swiss"]
[EventRounds "5"]
[EventCountry "CAN"]

1. c4 c5 2. Nf3 Nf6 3. g3 b6 4. Bg2 Bb7 5. O-O g6 6. Nc3 Bg7 7. d4 cxd4 8. Nxd4
Bxg2 9. Kxg2 O-O 10. e4 Nc6 11. Nxc6 dxc6 12. Qe2 Qc8 13. f3 Qe6 14. Be3 Nd7
15. Rac1 Rad8 16. b3 Nc5 17. Rfd1 Rxd1 18. Qxd1 f5 19. Bxc5 bxc5 20. Qd3 Bd4
21. exf5 gxf5 22. Ne2 Qf6 23. f4 Rd8 24. Rd1 Rd6 25. Qf3 Re6 26. Rd3 Re4 27. g4
Qe6 28. Ng3 Re1 29. Nxf5 Rg1+ 30. Kh3 h5 31. Ng3 hxg4+ 32. Qxg4+ Qxg4+ 33. Kxg4
Rg2 34. a4 Rxh2 35. Nf5 Bf6 36. Rd7 Kf7 37. Rxa7 Re2 38. Rc7 Rb2 39. Rb7 Ra2
40. Rb6 Ra3 41. Rb7 Ke6 42. Ng3 Bd4 43. Ne4 Kf7 44. Kf5 Ra1 45. Ng5+ Ke8 46.
Nf3 Ra2 47. Ne5 Bxe5 48. fxe5 Rd2 49. Ke6 1-0

[Event "Montcalm 3 2019-20"]
[Site "Quebec CAN"]
[Date "2019.12.12"]
[Round "5"]
[White "Glode, Martin"]
[Black "Sauve, Richard"]
[Result "1/2-1/2"]
[WhiteElo "1838"]
[BlackElo "1923"]
[PlyCount "45"]
[EventDate "2019.11.14"]
[EventType "swiss"]
[EventRounds "5"]
[EventCountry "CAN"]

1. e4 e6 2. d4 d5 3. Nc3 Nf6 4. Bg5 Bb4 5. e5 h6 6. Bd2 Bxc3 7. bxc3 Ne4 8. Qg4
g6 9. Bc1 c5 10. Bd3 Nxc3 11. dxc5 Nc6 12. Nf3 Qa5 13. Bd2 Qxc5 14. Qh4 Nb4 15.
Qd4 Qxd4 16. Nxd4 Nxd3+ 17. cxd3 Na4 18. Nb5 O-O 19. Bxh6 Rd8 20. Bg5 Rd7 21.
Rc1 b6 22. Nc7 Rb8 23. Ne8 1/2-1/2

[Event "Montcalm 3 2019-20"]
[Site "Quebec CAN"]
[Date "2019.12.12"]
[Round "5"]
[White "Lapierre, Gaetan"]
[Black "Bluteau, Yvon"]
[Result "1-0"]
[WhiteElo "1912"]
[BlackElo "1825"]
[PlyCount "107"]
[EventDate "2019.11.14"]
[EventType "swiss"]
[EventRounds "5"]
[EventCountry "CAN"]

1. c4 e5 2. Nc3 Nf6 3. g3 Bc5 4. Bg2 Nc6 5. e3 Qe7 6. a3 a5 7. Nge2 d6 8. O-O
O-O 9. d4 Ba7 10. b4 axb4 11. axb4 Nxb4 12. Nb5 c6 13. Nxa7 Be6 14. Bd2 Na6 15.
Nxc6 bxc6 16. Bxc6 Bxc4 17. Bxa8 Rxa8 18. Re1 Ne4 19. Nc3 Ng5 20. h4 Ne6 21.
Qf3 Rc8 22. Nd5 Bxd5 23. Qxd5 Nac7 24. Qb7 Rd8 25. Ba5 Rd7 26. Bxc7 Rxc7 27.
Qb8+ Nf8 28. Reb1 g6 29. dxe5 dxe5 30. Ra8 Kg7 31. Ra5 f6 32. Rab5 Kh6 33. Rb7
Rxb7 34. Rxb7 Qc5 35. Qc7 Qxc7 36. Rxc7 g5 37. Rf7 Ng6 38. hxg5+ fxg5 39. f3
Nh8 40. Rf8 Kg7 41. Re8 Nf7 42. g4 Kf6 43. Kf2 h6 44. Ke2 Nd6 45. Rb8 Nf7 46.
Rb6+ Ke7 47. Rg6 Kf8 48. Kd3 Ke7 49. Ke4 Kf8 50. Kf5 Ke7 51. Rg7 Kf8 52. Kg6
Nh8+ 53. Kxh6 e4 54. fxe4 1-0

[Event "Montcalm 4 2018-19"]
[Site "Quebec CAN"]
[Date "2019.01.10"]
[Round "1"]
[White "Cournoyer, Dominic"]
[Black "Lescarbeau, Martin"]
[Result "1-0"]
[WhiteElo "1973"]
[BlackElo "1666"]
[PlyCount "57"]
[EventDate "2019.01.10"]
[EventType "swiss"]
[EventRounds "5"]
[EventCountry "CAN"]

1. c4 e5 2. Nc3 Nf6 3. Nf3 Nc6 4. g3 d5 5. cxd5 Nxd5 6. Bg2 Be6 7. O-O Be7 8.
d3 O-O 9. Bd2 h6 10. a3 Bf6 11. Ne4 Nd4 12. Nxf6+ Qxf6 13. Nxd4 exd4 14. Rc1 c6
15. b4 Nc7 16. e4 dxe3 17. fxe3 Qb2 18. Ra1 Nd5 19. Qc1 Qe5 20. Kh1 Rad8 21. e4
Ne7 22. Bc3 Qh5 23. Qe3 Rfe8 24. Rf2 f5 25. Raf1 fxe4 26. dxe4 Bc4 27. Rc1 Nd5
28. Qc5 Nf6 29. Qxc4+ 1-0

[Event "Montcalm 4 2018-19"]
[Site "Quebec CAN"]
[Date "2019.01.10"]
[Round "1"]
[White "Dube, Daniel"]
[Black "Dube, Dominic"]
[Result "0-1"]
[WhiteElo "1843"]
[BlackElo "1770"]
[PlyCount "134"]
[EventDate "2019.01.10"]
[EventType "swiss"]
[EventRounds "5"]
[EventCountry "CAN"]

1. e4 c6 2. d4 d5 3. Nc3 dxe4 4. Nxe4 Bf5 5. Ng3 Bg6 6. Nh3 e6 7. Nf4 Nf6 8.
Bc4 Bd6 9. O-O Qc7 10. Nxg6 hxg6 11. Re1 Nbd7 12. Bb3 O-O-O 13. c4 Rh7 14. Qf3
Rdh8 15. h3 Rh4 16. Be3 g5 17. Bxg5 Rxd4 18. Ne4 Ne5 19. Nxd6+ Qxd6 20. Qg3 Ne4
21. Qf4 Nxg5 22. Qxe5 Qxe5 23. Rxe5 f6 24. Ree1 e5 25. c5 Ne4 26. Be6+ Kc7 27.
Rec1 Rhd8 28. f3 Ng5 29. Bb3 a5 30. Rd1 a4 31. Rxd4 Rxd4 32. Bg8 Kd7 33. b3 a3
34. Kf1 Rd2 35. b4 Ne6 36. g3 Nd4 37. Rb1 Rb2 38. Rd1 Rxb4 39. Rd3 Rb5 40. Rxa3
Rxc5 41. Kf2 Rb5 42. Ra7 Rb2+ 43. Ke3 Kc7 44. Ra8 Nf5+ 45. Kd3 Nxg3 46. a4 f5
47. Re8 e4+ 48. fxe4 f4 49. Re7+ Kb6 50. Rxg7 Rg2 51. Rf7 Nh5 52. Bh7 Rg3+ 53.
Kd4 Ng7 54. e5 Ne6+ 55. Kc4 f3 56. h4 Rg4+ 57. Kd3 Rxh4 58. Ke3 Ng5 59. e6 Nxe6
60. a5+ Ka7 61. Bd3 Nc5 62. a6 Nxa6 63. Bf5 Rb4 64. Be4 Rb3+ 65. Kf2 Nb4 66.
Bxf3 Nd3+ 67. Kg2 Ne1+ 0-1

[Event "Montcalm 4 2018-19"]
[Site "Quebec CAN"]
[Date "2019.01.10"]
[Round "1"]
[White "Dumont, Eric"]
[Black "Desbiens, Raphael"]
[Result "0-1"]
[WhiteElo "1691"]
[BlackElo "2167"]
[PlyCount "122"]
[EventDate "2019.01.10"]
[EventType "swiss"]
[EventRounds "5"]
[EventCountry "CAN"]

1. d4 Nf6 2. Bf4 d6 3. e3 g6 4. h3 Bg7 5. Nf3 c5 6. c3 Nbd7 7. Be2 O-O 8. O-O
b6 9. Nbd2 Bb7 10. a4 Re8 11. Nc4 Ne4 12. Ncd2 e5 13. Nxe4 Bxe4 14. dxe5 dxe5
15. Bg3 Qe7 16. Bb5 Bf5 17. Qe2 f6 18. Rfd1 Red8 19. Rd2 e4 20. Ne1 Ne5 21.
Rad1 Rxd2 22. Rxd2 Nf7 23. Bc6 Rd8 24. Qd1 Rxd2 25. Qxd2 Bf8 26. Qd5 Kg7 27.
Bb8 h5 28. Nc2 h4 29. Na3 Ng5 30. Nb5 Be6 31. Qd1 a6 32. Nd6 Kh7 33. Nxe4 Nxe4
34. Bxe4 Qe8 35. Bf4 Kg7 36. Bc2 Qf7 37. a5 b5 38. Qd8 Bc4 39. Bd6 Bxd6 40.
Qxd6 Qd5 41. Qxa6 Qd2 42. Qb7+ Kf8 43. Qe4 f5 44. Qa8+ Kg7 45. Qa7+ Kh6 46.
Bxf5 Qd1+ 47. Kh2 Qd6+ 48. f4 gxf5 49. Qb6 Qxb6 50. axb6 Bd5 51. g3 hxg3+ 52.
Kxg3 Kh5 53. h4 Kg6 54. Kf2 Kf6 55. h5 Kg7 56. Ke2 Kh6 57. b3 Kxh5 58. Kd2 Kg4
59. c4 bxc4 60. bxc4 Be4 61. Ke2 Kg3 0-1

[Event "Montcalm 4 2018-19"]
[Site "Quebec CAN"]
[Date "2019.01.10"]
[Round "1"]
[White "Perreault, Jacquelin"]
[Black "Fleury, Dominic"]
[Result "0-1"]
[WhiteElo "1756"]
[BlackElo "1376"]
[PlyCount "50"]
[EventDate "2019.01.10"]
[EventType "swiss"]
[EventRounds "5"]
[EventCountry "CAN"]

1. e4 e5 2. Nf3 Nf6 3. d4 d6 4. dxe5 dxe5 5. Qxd8+ Kxd8 6. Bc4 Bc5 7. Nxe5 Re8
8. Nxf7+ Kd7 9. O-O Nxe4 10. Ng5 Nxf2 11. Rxf2 Re1+ 12. Bf1 Rxc1 13. Ne4 Bxf2+
14. Kxf2 Nc6 15. Bd3 b6 16. c3 Bb7 17. a4 Ne5 18. Ke3 Rd8 19. Ned2 Kc8 20. Bf5+
Kb8 21. a5 b5 22. Ra3 a6 23. Bh3 Nc4+ 24. Nxc4 bxc4 25. Nd2 Rd3+ 0-1

[Event "Montcalm 4 2018-19"]
[Site "Quebec CAN"]
[Date "2019.01.10"]
[Round "1"]
[White "Sarra-Bournet, Marc"]
[Black "Labrecque, Rejean"]
[Result "1-0"]
[WhiteElo "1905"]
[BlackElo "1857"]
[PlyCount "119"]
[EventDate "2019.01.10"]
[EventType "swiss"]
[EventRounds "5"]
[EventCountry "CAN"]

1. e4 c5 2. Nc3 e6 3. f4 d5 4. Bb5+ Bd7 5. exd5 Bxb5 6. Nxb5 exd5 7. Qe2+ Be7
8. Qe5 f6 9. Nc7+ Kd7 10. Qxd5+ Kxc7 11. Qf7 Qf8 12. Qe6 Nc6 13. Nf3 Bd6 14.
O-O Re8 15. Qc4 Nh6 16. b4 Qf7 17. Qb5 Nxb4 18. c3 Nc6 19. Rb1 Kc8 20. d4 cxd4
21. cxd4 Re7 22. Bd2 Rc7 23. Rfc1 Nd8 24. Ba5 Rxc1+ 25. Rxc1+ Kb8 26. d5 Qe8
27. Qc4 Qd7 28. Bd2 Ndf7 29. Be3 Nf5 30. Bf2 Ne7 31. Qd4 b6 32. Rb1 Rc8 33. Qd3
Bc5 34. Bxc5 Rxc5 35. Qxh7 Qf5 36. Qxf5 Nxf5 37. Re1 Rxd5 38. g4 N5d6 39. h4 g5
40. fxg5 fxg5 41. h5 Rc5 42. Re6 Rc4 43. h6 Rxg4+ 44. Kh2 Re4 45. Rg6 Nf5 46.
h7 N5h6 47. Rxh6 g4 48. Ng5 Re2+ 49. Kg3 Nh8 50. Rf6 Re8 51. Kxg4 Kb7 52. Kf5
a5 53. Nf7 Ka6 54. Nxh8 Rxh8 55. Kg6 Kb5 56. Kg7 Rxh7+ 57. Kxh7 a4 58. a3 Kc5
59. Rf4 b5 60. Kg6 1-0

[Event "Montcalm 4 2018-19"]
[Site "Quebec CAN"]
[Date "2019.01.10"]
[Round "1"]
[White "Sauve, Richard"]
[Black "Auger, Bertrand"]
[Result "1-0"]
[WhiteElo "1810"]
[BlackElo "1891"]
[PlyCount "95"]
[EventDate "2019.01.10"]
[EventType "swiss"]
[EventRounds "5"]
[EventCountry "CAN"]

1. d4 Nf6 2. c4 e6 3. Nc3 Bb4 4. Qc2 O-O 5. Bg5 h6 6. Bh4 c5 7. dxc5 Nc6 8. Nf3
Bxc5 9. e3 d5 10. cxd5 Nb4 11. Qd2 g5 12. Bg3 Nbxd5 13. Bc4 Nxc3 14. Qxc3 Ne4
15. Qe5 Bb4+ 16. Ke2 Nd6 17. Qd4 Nxc4 18. Qxc4 Qa5 19. a3 Be7 20. b4 Qa4 21.
Rhd1 b6 22. Ke1 Ba6 23. Qe4 Rad8 24. Nd4 Bf6 25. Be5 Bxe5 26. Qxe5 Rd5 27. Qf6
Rxd4 28. exd4 Qb5 29. Qf3 Rd8 30. Qe3 e5 31. d5 Qf1+ 32. Kd2 Rxd5+ 33. Kc2 Qc4+
34. Kb2 f6 35. Rac1 Rxd1 36. Rxd1 Qf7 37. Rd8+ Kg7 38. Qd2 Bb5 39. Qd5 Qxd5 40.
Rxd5 Be8 41. Rd8 Bc6 42. g3 Kg6 43. Rc8 Bd5 44. Rc7 b5 45. Rc5 Bc4 46. a4 a6
47. Rxc4 bxc4 48. b5 1-0

[Event "Montcalm 4 2018-19"]
[Site "Quebec CAN"]
[Date "2019.01.17"]
[Round "2"]
[White "Desbiens, Raphael"]
[Black "Lapierre, Gaetan"]
[Result "1-0"]
[WhiteElo "2167"]
[BlackElo "1741"]
[PlyCount "89"]
[EventDate "2019.01.10"]
[EventType "swiss"]
[EventRounds "5"]
[EventCountry "CAN"]

1. e4 c5 2. Nf3 d6 3. Bb5+ Bd7 4. Bxd7+ Qxd7 5. c4 g6 6. d4 cxd4 7. Nxd4 Bg7 8.
Be3 Nf6 9. f3 O-O 10. Nc3 Nc6 11. Nc2 Rfc8 12. Qd2 Ne5 13. b3 Qd8 14. Ke2 a6
15. Rad1 Qc7 16. Nd4 Nxc4 17. bxc4 Qxc4+ 18. Kf2 Qxc3 19. Qe2 Nd7 20. h4 Qc4
21. Qe1 Nc5 22. Qd2 Bxd4 23. Bxd4 Qa4 24. Rc1 e5 25. Bc3 Rc6 26. h5 Nxe4+ 27.
fxe4 Qxe4 28. Rh3 Qf5+ 29. Kg1 gxh5 30. Qh6 Qf4 31. Qxf4 exf4 32. Rf1 Rac8 33.
Bd2 Rc2 34. Bxf4 Rxa2 35. Bh6 Ra4 36. Rhf3 Rc7 37. Re1 Rc8 38. Re7 Re4 39.
Rexf7 Ree8 40. Rg7+ Kh8 41. Rff7 Rc1+ 42. Kh2 Rce1 43. Rxh7+ Kg8 44. Rfg7+ Kf8
45. Rg4# 1-0

[Event "Montcalm 4 2018-19"]
[Site "Quebec CAN"]
[Date "2019.01.17"]
[Round "2"]
[White "Dube, Daniel"]
[Black "Sarra-Bournet, Marc"]
[Result "1-0"]
[WhiteElo "1843"]
[BlackElo "1905"]
[PlyCount "51"]
[EventDate "2019.01.10"]
[EventType "swiss"]
[EventRounds "5"]
[EventCountry "CAN"]

1. e4 e5 2. Nf3 Nc6 3. d4 exd4 4. Nxd4 Bc5 5. Nb3 Bb6 6. Nc3 Qf6 7. Qe2 Nge7 8.
Be3 O-O 9. O-O-O d6 10. Kb1 Bxe3 11. Qxe3 a6 12. f4 Be6 13. Be2 Rfe8 14. g4
Bxb3 15. axb3 Rad8 16. g5 Qe6 17. Qg3 f5 18. Bc4 d5 19. exd5 Nxd5 20. Rxd5 b5
21. Rxb5 axb5 22. Bxe6+ Rxe6 23. Nxb5 Re2 24. Re1 Red2 25. Qc3 Ne5 26. fxe5 1-0

[Event "Montcalm 4 2018-19"]
[Site "Quebec CAN"]
[Date "2019.01.17"]
[Round "2"]
[White "Dube, Dominic"]
[Black "Auger, Bertrand"]
[Result "0-1"]
[WhiteElo "1770"]
[BlackElo "1891"]
[PlyCount "72"]
[EventDate "2019.01.10"]
[EventType "swiss"]
[EventRounds "5"]
[EventCountry "CAN"]

1. e4 e6 2. d4 d5 3. Nc3 Bb4 4. exd5 exd5 5. Bd2 Nf6 6. Bd3 O-O 7. Nge2 Bg4 8.
f3 Bh5 9. O-O c5 10. a3 Bxc3 11. bxc3 c4 12. Bf5 Nc6 13. Nf4 Bg6 14. Nxg6 hxg6
15. Bh3 Qd6 16. Qc1 Rfe8 17. Bf4 Qf8 18. Qb2 Nh5 19. Bd2 Re2 20. Rae1 Rae8 21.
Qxb7 Nxd4 22. cxd4 Rxd2 23. Qb5 Ree2 24. Rxe2 Rxe2 25. Qxd5 Nf4 26. Qxc4 Nxh3+
27. gxh3 Qe7 28. Rf2 Re1+ 29. Rf1 Qe3+ 30. Kg2 Re2+ 31. Kh1 Qd2 32. Qc7 Qxd4
33. c3 Qd3 34. Qxa7 Rc2 35. Qa8+ Kh7 36. Rg1 Qe2 0-1

[Event "Montcalm 4 2018-19"]
[Site "Quebec CAN"]
[Date "2019.01.17"]
[Round "2"]
[White "Fecteau, Martin"]
[Black "Cummins, Paul"]
[Result "1-0"]
[WhiteElo "1933"]
[BlackElo "1724"]
[PlyCount "109"]
[EventDate "2019.01.10"]
[EventType "swiss"]
[EventRounds "5"]
[EventCountry "CAN"]

1. d4 Nf6 2. c4 e6 3. g3 c6 4. Bg2 d5 5. Nf3 Be7 6. O-O O-O 7. Qc2 b6 8. Nbd2
Bb7 9. e4 dxe4 10. Nxe4 h6 11. Nxf6+ Bxf6 12. Be3 Nd7 13. Rfd1 Qe7 14. c5 Rac8
15. Rac1 Rfe8 16. Bh3 Nf8 17. Bf4 Qd8 18. Ne5 g5 19. Be3 Qe7 20. b4 Bg7 21. Nc4
bxc5 22. dxc5 Red8 23. Nd6 Rb8 24. Bf1 Bc8 25. a3 Nh7 26. Bg2 Qc7 27. Bd4 e5
28. Ba1 Be6 29. Re1 f6 30. Be4 Nf8 31. Qe2 a5 32. Bc3 axb4 33. Bxb4 Qd7 34. Qa6
f5 35. Bxc6 Qe7 36. Qe2 Ng6 37. Qc2 Qf6 38. Bg2 Kh8 39. Bc3 Bb3 40. Qe2 f4 41.
Be4 Ne7 42. Qf3 Be6 43. Rb1 g4 44. Qd3 Rxb1 45. Rxb1 Nf5 46. Bxf5 Bxf5 47. Qxf5
Rxd6 48. Qxf6 Rxf6 49. Bxe5 Rc6 50. Bd6 Bd4 51. Rb6 Rxb6 52. cxb6 Bxb6 53. Bxf4
Bc5 54. a4 Kh7 55. a5 1-0

[Event "Montcalm 4 2018-19"]
[Site "Quebec CAN"]
[Date "2019.01.17"]
[Round "2"]
[White "Fleury, Dominic"]
[Black "Cournoyer, Dominic"]
[Result "0-1"]
[WhiteElo "1376"]
[BlackElo "1973"]
[PlyCount "56"]
[EventDate "2019.01.10"]
[EventType "swiss"]
[EventRounds "5"]
[EventCountry "CAN"]

1. e4 g6 2. d4 Bg7 3. c3 d6 4. Nf3 Nf6 5. Nbd2 O-O 6. Bd3 Nbd7 7. O-O c5 8. d5
a6 9. Nc4 b5 10. e5 dxe5 11. Ncxe5 Nxe5 12. Nxe5 Qxd5 13. Re1 Bb7 14. f3 Rad8
15. Bf4 c4 16. Bc2 Qc5+ 17. Be3 Qxe5 18. Bd4 Qc7 19. Qe2 e6 20. Rad1 Nd5 21.
Be4 Bxd4+ 22. Rxd4 Nf4 23. Qe3 Bxe4 24. Rxe4 Nd3 25. Re2 Qc5 26. Rd4 Rxd4 27.
cxd4 Qd5 28. b3 Rd8 0-1

[Event "Montcalm 4 2018-19"]
[Site "Quebec CAN"]
[Date "2019.01.17"]
[Round "2"]
[White "Genest, Dominic"]
[Black "Perreault, Jacquelin"]
[Result "0-1"]
[WhiteElo "1719"]
[BlackElo "1756"]
[PlyCount "90"]
[EventDate "2019.01.10"]
[EventType "swiss"]
[EventRounds "5"]
[EventCountry "CAN"]

1. c4 b6 2. Nc3 Bb7 3. e4 e6 4. Nge2 c5 5. d3 d6 6. Ng3 g6 7. Be3 Nc6 8. Rb1
Bg7 9. Qd2 Nge7 10. Be2 Qd7 11. a3 O-O 12. Bh6 Nd4 13. Bxg7 Kxg7 14. h4 Nxe2
15. Ncxe2 d5 16. h5 Ng8 17. cxd5 exd5 18. e5 Rae8 19. hxg6 fxg6 20. d4 Qf7 21.
f4 Bc8 22. Kf2 Bf5 23. Rbg1 Be4 24. Nxe4 dxe4 25. d5 Rxe5 26. Qc3 Qf6 27. Rd1
Ree8 28. Qh3 h6 29. d6 Rd8 30. Qc3 Qxc3 31. Nxc3 Rxf4+ 32. Ke3 Rg4 33. Rd2 Nf6
34. Nb5 Rg3+ 35. Kf4 Rd3 36. Rxd3 exd3 37. Ke3 a6 38. Nc7 Rxd6 39. b3 Nd5+ 40.
Nxd5 Rxd5 41. Rd1 Kf6 42. Rxd3 Rxd3+ 43. Kxd3 Ke5 44. a4 Kd5 45. Ke3 b5 0-1

[Event "Montcalm 4 2018-19"]
[Site "Quebec CAN"]
[Date "2019.01.17"]
[Round "2"]
[White "Labrecque, Rejean"]
[Black "Sauve, Richard"]
[Result "1/2-1/2"]
[WhiteElo "1857"]
[BlackElo "1810"]
[PlyCount "83"]
[EventDate "2019.01.10"]
[EventType "swiss"]
[EventRounds "5"]
[EventCountry "CAN"]

1. d4 e6 2. c4 d5 3. Nf3 c6 4. e3 Nf6 5. Bd3 Nbd7 6. O-O Bd6 7. cxd5 exd5 8.
Nc3 O-O 9. e4 dxe4 10. Nxe4 Nxe4 11. Bxe4 Qc7 12. Qc2 Nf6 13. Bf5 Bxf5 14. Qxf5
Qc8 15. Qxc8 Raxc8 16. Be3 Rfe8 17. Rfe1 Nd5 18. a3 Re4 19. Bd2 Rce8 20. Rxe4
Rxe4 21. Re1 Rxe1+ 22. Nxe1 f6 23. Nd3 Kf7 24. g3 b6 25. Kf1 Ke6 26. Ke2 g5 27.
h3 h5 28. g4 hxg4 29. hxg4 Nc7 30. Nc1 Kd5 31. Kd3 Ne6 32. Ne2 Nc7 33. f3 Ke6
34. Ke4 Nd5 35. f4 gxf4 36. Bxf4 Bxf4 37. Nxf4+ Nxf4 38. Kxf4 a6 39. b4 b5 40.
Ke4 Kd6 41. Kf5 Ke7 42. Kf4 1/2-1/2

[Event "Montcalm 4 2018-19"]
[Site "Quebec CAN"]
[Date "2019.01.24"]
[Round "3"]
[White "Auger, Bertrand"]
[Black "Labrecque, Rejean"]
[Result "0-1"]
[WhiteElo "1891"]
[BlackElo "1857"]
[PlyCount "138"]
[EventDate "2019.01.10"]
[EventType "swiss"]
[EventRounds "5"]
[EventCountry "CAN"]

1. Nf3 d5 2. g3 c6 3. Bg2 Bf5 4. O-O h6 5. d3 Nf6 6. b3 e6 7. Bb2 Be7 8. Nbd2
O-O 9. c4 Nbd7 10. Qc2 Bh7 11. a3 Rc8 12. b4 Qc7 13. Rfc1 Qb8 14. Qb3 Rfd8 15.
Re1 c5 16. e4 dxc4 17. dxc4 e5 18. b5 Bd6 19. Nh4 Re8 20. Rad1 Nf8 21. Nf5 Ne6
22. f4 Nd4 23. Qd3 Bc7 24. Nxd4 cxd4 25. f5 Ba5 26. Rf1 Bxd2 27. Rxd2 Ng4 28.
Rc1 Ne3 29. Bh3 f6 30. c5 Kh8 31. a4 Bg8 32. Bf1 Rc7 33. Ba3 Qc8 34. Rb2 Qd7
35. Qd2 Rec8 36. Bd3 Qf7 37. Rbb1 Qh5 38. Qe2 Qh3 39. Qf2 Qh5 40. Qe2 Qe8 41.
Qd2 Bf7 42. Be2 Qg8 43. Kf2 Bc4 44. Bxc4 Nxc4 45. Qa2 Nxa3 46. Qxa3 Qf8 47. b6
axb6 48. Rxb6 Rxc5 49. Rxc5 Rxc5 50. Ke1 Qc8 51. Qb2 Rc2 52. Qb3 Rxh2 53. Kd1
Rh1+ 54. Ke2 Qc1 55. Rxb7 Qe1+ 56. Kd3 Qe3+ 57. Kc4 Rc1+ 58. Kd5 Qxb3+ 59. Rxb3
Rc3 60. Rb8+ Kh7 61. a5 Ra3 62. g4 Rxa5+ 63. Kc4 Ra1 64. Kd5 Rg1 65. Ke6 Rxg4
66. Rb7 Rxe4 67. Kf7 Rg4 68. Rd7 Rg5 69. Kf8 h5 0-1

[Event "Montcalm 4 2018-19"]
[Site "Quebec CAN"]
[Date "2019.01.24"]
[Round "3"]
[White "Cournoyer, Dominic"]
[Black "Desbiens, Raphael"]
[Result "1/2-1/2"]
[WhiteElo "1973"]
[BlackElo "2167"]
[PlyCount "65"]
[EventDate "2019.01.10"]
[EventType "swiss"]
[EventRounds "5"]
[EventCountry "CAN"]

1. c4 e5 2. Nc3 Nf6 3. Nf3 Nc6 4. d4 exd4 5. Nxd4 Bb4 6. g3 Ne4 7. Qd3 d5 8.
Nxc6 bxc6 9. Bg2 Bf5 10. O-O Bxc3 11. bxc3 O-O 12. Qd4 Qf6 13. Qxf6 gxf6 14.
Bxe4 Bxe4 15. Bf4 Rfc8 16. c5 Rab8 17. Rfd1 Rb5 18. Be3 Rcb8 19. f3 Bb1 20. Bd4
f5 21. a4 R5b7 22. c4 Rb4 23. cxd5 cxd5 24. Rd2 c6 25. a5 R8b5 26. Kf2 Rc4 27.
e3 Bc2 28. Ke1 Ra4 29. Rxa4 Bxa4 30. Rb2 h5 31. Rxb5 Bxb5 32. Be5 a6 33. h4
1/2-1/2

[Event "Montcalm 4 2018-19"]
[Site "Quebec CAN"]
[Date "2019.01.24"]
[Round "3"]
[White "Cummins, Paul"]
[Black "Genest, Dominic"]
[Result "1/2-1/2"]
[WhiteElo "1724"]
[BlackElo "1719"]
[PlyCount "108"]
[EventDate "2019.01.10"]
[EventType "swiss"]
[EventRounds "5"]
[EventCountry "CAN"]

1. e4 c5 2. Nc3 e6 3. g3 b6 4. Bg2 Bb7 5. Nge2 Nf6 6. d3 Be7 7. O-O d6 8. f4
Nbd7 9. a4 a6 10. f5 d5 11. fxe6 fxe6 12. Nf4 Nf8 13. Nh5 g6 14. Nxf6+ Bxf6 15.
Qf3 Bd4+ 16. Kh1 Qe7 17. Bg5 Qg7 18. exd5 h6 19. Be3 O-O-O 20. Bxd4 Qxd4 21.
Ne2 Qxd5 22. Qxd5 exd5 23. Rf7 Rd7 24. Bh3 Kc7 25. Bxd7 Nxd7 26. Raf1 g5 27.
Kg1 Re8 28. Nc1 d4 29. a5 b5 30. h3 Kd6 31. Rh7 Re6 32. Rff7 Bc6 33. Kf2 c4 34.
Ne2 cxd3 35. cxd3 Ne5 36. Nc1 Nxf7 37. Rxf7 Kc5 38. Nb3+ Kb4 39. Nxd4 Rd6 40.
Nxc6+ Rxc6 41. h4 Kxa5 42. hxg5 hxg5 43. Ke3 Kb4 44. d4 Kc4 45. Rf5 Re6+ 46.
Kd2 Kxd4 47. Rxg5 Ke4 48. Kc3 Rc6+ 49. Kb4 Rc4+ 50. Ka5 Ra4+ 51. Kb6 Ra2 52. b4
Kf3 53. Kc5 Rc2+ 54. Kb6 Rb2 1/2-1/2

[Event "Montcalm 4 2018-19"]
[Site "Quebec CAN"]
[Date "2019.01.24"]
[Round "3"]
[White "Lapierre, Gaetan"]
[Black "Fleury, Dominic"]
[Result "1-0"]
[WhiteElo "1741"]
[BlackElo "1376"]
[PlyCount "95"]
[EventDate "2019.01.10"]
[EventType "swiss"]
[EventRounds "5"]
[EventCountry "CAN"]

1. e4 e5 2. Nf3 Nf6 3. Nxe5 d6 4. Nf3 Nxe4 5. Qe2 Qe7 6. d3 Nf6 7. Bg5 Qxe2+ 8.
Bxe2 Be7 9. h3 Be6 10. Nc3 c6 11. O-O Nbd7 12. Nd4 h6 13. Bh4 g5 14. Bg3 O-O-O
15. a4 h5 16. Nxe6 fxe6 17. Ne4 Nxe4 18. dxe4 Rdg8 19. Rfd1 Kc7 20. f3 Nf6 21.
e5 Nd5 22. exd6+ Bxd6 23. Bxd6+ Kxd6 24. c4 g4 25. fxg4 hxg4 26. Bxg4 Re8 27.
cxd5 cxd5 28. b4 a6 29. Bf3 Reg8 30. Kf2 Rh4 31. Rab1 b6 32. Ke3 Rc8 33. Rd4
Rc3+ 34. Rd3 d4+ 35. Kd2 Rc4 36. Rdb3 e5 37. Re1 Rf4 38. Kd3 b5 39. axb5 axb5
40. Re4 Rxe4 41. Bxe4 Ke6 42. h4 Rc7 43. g4 Rg7 44. Bf5+ Kf6 45. Ke4 Re7 46.
Ra3 Rc7 47. Ra6+ Kg7 48. Kxe5 1-0